105 greatest living authors present the world's best : Stories, humor, drama, biography, history, essays, poetry
Na minha lista:
| Autor principal: | |
|---|---|
| Formato: | Livro |
| Idioma: | Undetermined |
| Publicado em: |
New York
The Dial Press
1950
|
| Assuntos: | |
| Tags: |
Adicionar Tag
Sem tags, seja o primeiro a adicionar uma tag!
|
| Thư viện lưu trữ: | Trung tâm Học liệu Trường Đại học Cần Thơ |
|---|
| LEADER | 00586nam a2200205Ia 4500 | ||
|---|---|---|---|
| 001 | CTU_111539 | ||
| 008 | 210402s9999 xx 000 0 und d | ||
| 082 | |a 808.8 | ||
| 082 | |b B964 | ||
| 100 | |a Burnett, Whit | ||
| 245 | 0 | |a 105 greatest living authors present the world's best : | |
| 245 | 0 | |b Stories, humor, drama, biography, history, essays, poetry | |
| 245 | 0 | |c Whit Burnett | |
| 260 | |a New York | ||
| 260 | |b The Dial Press | ||
| 260 | |c 1950 | ||
| 650 | |a Literature | ||
| 650 | |x Collections | ||
| 904 | |i Giang | ||
| 980 | |a Trung tâm Học liệu Trường Đại học Cần Thơ | ||